Research design : (Record no. 10206)
[ view plain ]
| 000 -LEADER | |
|---|---|
| fixed length control field | 02106cam a2200409 a 4500 |
| 090 ## - LOCALLY ASSIGNED LC-TYPE CALL NUMBER (OCLC); LOCAL CALL NUMBER (OCLC) | |
| -- | 10206 |
| 001 - CONTROL NUMBER | |
| control field | 15175990 |
| 005 - DATE AND TIME OF LATEST TRANSACTION | |
| control field | 20080918201035.0 |
| 008 - FIXED-LENGTH DATA ELEMENTS--GENERAL INFORMATION | |
| fixed length control field | 080211s2009 cau b 001 0 eng |
| 010 ## - LIBRARY OF CONGRESS CONTROL NUMBER | |
| LC control number | 2008006242 |
| 020 ## - INTERNATIONAL STANDARD BOOK NUMBER | |
| International Standard Book Number | 9781412965569 (cloth) |
| 020 ## - INTERNATIONAL STANDARD BOOK NUMBER | |
| International Standard Book Number | 141296556X (cloth) |
| 020 ## - INTERNATIONAL STANDARD BOOK NUMBER | |
| International Standard Book Number | 9781412965576 (pbk.) |
| 020 ## - INTERNATIONAL STANDARD BOOK NUMBER | |
| International Standard Book Number | 1412965578 (pbk.) |
| 035 ## - SYSTEM CONTROL NUMBER | |
| System control number | (OCoLC)ocn192045753 |
| 035 ## - SYSTEM CONTROL NUMBER | |
| System control number | (OCoLC)192045753 |
| 040 ## - CATALOGING SOURCE | |
| Original cataloging agency | DLC |
| Transcribing agency | DLC |
| Modifying agency | YDX |
| -- | YDXCP |
| -- | BAKER |
| -- | BTCTA |
| -- | CDX |
| -- | DLC |
| 050 00 - LIBRARY OF CONGRESS CALL NUMBER | |
| Classification number | H62 |
| Item number | .C6963 2009 |
| 082 00 - DEWEY DECIMAL CLASSIFICATION NUMBER | |
| Classification number | 300.72CRE |
| Edition number | 22 |
| 100 1# - MAIN ENTRY--PERSONAL NAME | |
| Personal name | Creswell, John W. |
| 245 10 - TITLE STATEMENT | |
| Title | Research design : |
| Remainder of title | qualitative, quantitative, and mixed methods approaches / |
| Statement of responsibility, etc | John W. Creswell. |
| 250 ## - EDITION STATEMENT | |
| Edition statement | 3rd ed. |
| 260 ## - PUBLICATION, DISTRIBUTION, ETC. (IMPRINT) | |
| Place of publication, distribution, etc | Thousand Oaks, Calif. : |
| Name of publisher, distributor, etc | Sage Publications,2009 |
| Date of publication, distribution, etc | c2009. |
| 300 ## - PHYSICAL DESCRIPTION | |
| Extent | xxix, 260 p. ; |
| Dimensions | 26 cm. |
| 504 ## - BIBLIOGRAPHY, ETC. NOTE | |
| Bibliography, etc | Includes bibliographical references (p. 237-245) and indexes. |
| 650 #0 - SUBJECT ADDED ENTRY--TOPICAL TERM | |
| Topical term or geographic name as entry element | Social sciences |
| General subdivision | Research |
| -- | Methodology. |
| 650 #0 - SUBJECT ADDED ENTRY--TOPICAL TERM | |
| Topical term or geographic name as entry element | Social sciences |
| General subdivision | Statistical methods. |
| 906 ## - LOCAL DATA ELEMENT F, LDF (RLIN) | |
| a | 7 |
| b | cbc |
| c | orignew |
| d | 1 |
| e | ecip |
| f | 20 |
| g | y-gencatlg |
| 942 ## - ADDED ENTRY ELEMENTS (KOHA) | |
| Source of classification or shelving scheme | Dewey Decimal Classification |
| Item type | NB - Book (Non borrowing) |
| Withdrawn status | Item status | Source of classification or shelving scheme | Damaged status | Not for loan | Home library | Current library | Shelving location | Date acquired | Source of acquisition | Total Checkouts | Total Renewals | Full call number | Barcode | Date last seen | Date last borrowed | Koha item type | Materials specified (bound volume or other part) | Checked out |
|---|---|---|---|---|---|---|---|---|---|---|---|---|---|---|---|---|---|---|
| Dewey Decimal Classification | Central Library | Central Library | First floor | 08/10/2008 | Purchase | 19 | 62 | 300.72CRE | 000013983 | 15/07/2025 | 09/03/2020 | Book - Borrowing | ||||||
| Dewey Decimal Classification | Central Library | Central Library | First floor | 08/10/2008 | Purchase | 19 | 52 | 300.72CRE | 000013991 | 15/07/2025 | 27/02/2020 | Book - Borrowing | ||||||
| Dewey Decimal Classification | Central Library | Central Library | First floor | 08/10/2008 | Purchase | 14 | 26 | 300.72CRE | 000013992 | 15/07/2025 | 27/02/2020 | Book - Borrowing | ||||||
| Lost | Dewey Decimal Classification | Central Library | Central Library | First floor | 08/10/2008 | Purchase | 4 | 300.72CRE | 000013993 | 26/10/2010 | 21/10/2010 | NB - Book (Non borrowing) | Lost In Inventory_2015-8-23 | |||||
| Dewey Decimal Classification | Central Library | Central Library | First floor | 08/10/2008 | Purchase | 1 | 2 | 300.72CRE | 000013990 | 24/05/2009 | 24/05/2009 | Book - Borrowing | 18/12/2021 | |||||
| Lost and Paid For | Dewey Decimal Classification | Central Library | Central Library | First floor | 08/10/2008 | Purchase | 8 | 16 | 300.72CRE | 000013984 | 05/07/2009 | 05/07/2009 | Book - Borrowing |